000 00600nam a2200193Ia 4500
005 20250508160124.0
008 008 250505s9999 xx 000 0 eng d
037 _aBooks to be hide in OPAC
040 _aFEDL
_beng
_cFEDL
041 _aeng
_2eng
084 _a301.42, LAN
_qFEDL
100 _aLantz Herman R
_9138113
245 0 _aTeacher's manual for marriage: An examination of the man-woman relationship
260 _aNew York, USA
_bJohn Wiley and Sons, Inc
300 _a104p
700 _a Snyder Eloise C
_9767970
942 _cHB
_h301.42, LAN
999 _c1361895
_d1361895